| 000 | 00731nam a2200253 i 4500 | ||
|---|---|---|---|
| 001 | 88772 | ||
| 003 | ES-MaACL | ||
| 005 | 20230906175928.0 | ||
| 007 | t| | ||
| 008 | 041214s1987 sp ||||1| spa d | ||
| 020 | _a84-7509-437-6 | ||
| 080 | _a316.77:001.891 | ||
| 100 | 1 |
_aWolf, Mauro. _9117234 |
|
| 245 | 1 | 3 |
_aLa investigación de la comunicación de masas / _cMauro Wolf. |
| 250 | _a1ª ed. | ||
| 260 |
_aBarcelona : _bPaidós, _c1987. |
||
| 300 |
_a318 p. ; _c20 cm. |
||
| 490 | 1 |
_aInstrumentos Paidós ; _v2 |
|
| 504 | _aBibliografía: p. 293-318. | ||
| 650 | 1 | 4 |
_aComunicación social. _911203 |
| 830 | 0 |
_aInstrumentos Paidós ; _v2 _9231842 |
|
| 852 |
_aES-MaACL _jE-10620 _bR.134805 |
||
| 999 |
_c88772 _d88772 |
||